| 000 | 00623nam a2200217Ia 4500 | ||
|---|---|---|---|
| 008 | 220216s9999 xx 000 0 und d | ||
| 100 | _aPieroni L.de P | ||
| 245 | 0 | _aFirst report of Erysiphe necator causing powdery mildew to rubber tree (Hevea brasiliensis) in Brazil | |
| 260 |
_bPlant disease _c2020 |
||
| 650 | _aErysiphe necator | ||
| 650 | _aPowdery mildew | ||
| 700 | _aBenso L.A | ||
| 700 | _aDe Pieri C | ||
| 700 | _aFurtado E | ||
| 700 | _aGil J.F.S | ||
| 700 | _aGorayeb E | ||
| 700 | _aKurokawa S.Y.S | ||
| 700 | _aSiqueira O.A.P.A | ||
| 856 | _udoi.org/10.1094/PDIS-04-20-0848-PDN | ||
| 942 | _cJS | ||
| 999 |
_c59440 _d59440 |
||